| 000 | 00762nam a22001937a 4500 | ||
|---|---|---|---|
| 003 | OSt | ||
| 005 | 20240905112231.0 | ||
| 008 | 240905b ||||| |||| 00| 0 eng d | ||
| 040 | _cAIMIT LIBRARY | ||
| 100 |
_aRodrigues, Primson. _e2216147 _9178777 |
||
| 245 |
_aStudy on investors perception and their impact on mutual fund investment decisions with reference to AFA Pvt ltd Mangalore / _cBy Primson Rodrigues ; Guided by Swapna Rose. |
||
| 260 |
_aMangalore ; _c2024. |
||
| 650 |
_aIndustry profile company profile and introduction to study _9178779 |
||
| 650 |
_aResearch methodology _9178780 |
||
| 650 |
_aData analysis and interpretation _9178781 |
||
| 700 |
_aRose, Swapna. _eGuide _9178778 |
||
| 856 | _3AFA Mangalore private limited | ||
| 942 |
_2ddc _cPRO |
||
| 999 |
_c231748 _d231748 |
||